01243cam a2200181 4500082001700000100002600017245025300043260019200296300005300488500020900541500005500750526003700805650001300842856006000855942001200915999001900927952011500946 a923.155bFRA1 aFraser, James,95039814aThe history of Nadir Shahbformerly called Thamas Kuli Khan, the present emperor of Persia. ... At the end is inserted, a catalogue of about two hundred manuscripts in the Persic and other Oriental languages, collected in the East. By James Fraser. aLondon :bprinted by W. Strahan, for the author: and sold by G. Strahan, and J. Brotherton; J. Oswald and J. Davidson; S. Austin; T. Longman, and C. Hitch [and 6 others in London],c1742. a[2],vi,234,[6];40p.,plates :bport.,map ;c8⁰. aAnother issue of this work was published in 1742 with the imprint: London: printed by W. Strahan, for the author; and sold by G. Strahan and J. Brotherton; S. Austin; A. Millar; J. Palairet; and J. Stagg. aReproduction of original from the British Library. a0b0c0d923_155000000000000_FRA aMCE937940uhttp://www.columbia.edu/cgi-bin/cul/resolve?clio5188480 2ddccBK c553126d553126 00102ddc4070aMCEbMCEcArchive Sectiond2015-01-29l0o923.155 FRApMCE-ECH/64r2015-01-29w2015-01-29yBK